Türk Ticaret Kanunu (Record no. 1410)
[ view plain ]
| 000 -BAŞLIK | |
|---|---|
| Sabit Uzunlukta Kontrol Alanı | 00864na a2200253 4500 |
| 001 - KONTROL NUMARASI | |
| Denetim Alanı | 17255 |
| 003 - KONTROL NUMARASI IDENTIFIER | |
| Denetim Alanı | MIRAKIL |
| 005 - SON İŞLEM TARİHİ VE ZAMANI | |
| Denetim Alanı | 20181213154822.0 |
| 008 - SABİT-BOY VERİ ELEMANLARI - GENEL BİLGİLER | |
| Sabit Uzunlukta Kontrol Alanı | 161023b tu 000 0 |
| 040 ## - KATALOGLAMA KAYNAK | |
| Orijinal Kataloglama Ajansı | Milas |
| Kataloglama Dili | tur |
| Metne Dönüştürmek Ajansı | TR-AnCHP |
| 041 ## - DİL KODU | |
| Metin / Ses Parça Veya Ayrı Başlığın Dil Kodu | tur |
| 082 ## - DEWEY ONLU SINIFLANDIRMA NUMARASI | |
| Sınıflandırma Numarası | 346.0702632 |
| Ürün Numarası | E41t 1958 |
| 090 ## - SINIFLAMA NUMARASI | |
| Sınıflama Numarası | 346.0702632 E41t 1958 |
| 100 ## - ANA GİRİŞ - KİŞİSEL İSİM | |
| Kişisel Ad | Elbir, Halid Kemal |
| 245 ## - BAŞLIK TABLOSU | |
| Başlık | Türk Ticaret Kanunu |
| Başlığın Kalan | ile Türk Ticaret Kanununun mer'iyet ve tatbik şekli hakkında kanun ve alakalı mevzuat |
| Sorumluluk Tablosu, Vb | Halid Kemal Elbir |
| 246 ## - UNVAN FORM VARYING | |
| Başlık Doğru / Kısa Başlığı | ile Türk Ticaret Kanununun meriyet ve tatbik şekli hakkında kanun ve alakalı mevzuat |
| 250 ## - EDITION TABLOSU | |
| Baskı Beyanı | 2. bs. |
| 260 ## - YAYIN, DAĞITIM, VB | |
| Yayın, Dağıtım, Vb Yeri | İstanbul |
| Yayıncı, Dağıtıcı, Vs Adı | [yayl.y.] |
| Yayın, Dağıtım, Vb Tarihi | 1958 |
| 300 ## - FİZİKSEL TANIM | |
| Kapsam | xv, 926 s. |
| Boyutlar | 17 sm. |
| 650 ## - KONU KATMA GİRİŞ - TOPİKAL DÖNEM | |
| Topikal Süreli Veya Coğrafi Ad Giriş Elemanı | Bankacılık hukuku |
| Genel Alt Bölümü | Kanunlar |
| Coğrafi Alt Bölümü | Türkiye |
| 650 ## - KONU KATMA GİRİŞ - TOPİKAL DÖNEM | |
| Topikal Süreli Veya Coğrafi Ad Giriş Elemanı | Ticaret hukuku |
| Genel Alt Bölümü | Kanunlar |
| Coğrafi Alt Bölümü | Türkiye |
| 942 ## - EKLENDİ GİRİŞ ELEMANLARI (KOHA) | |
| Sınıflandırma Veya Raf Düzeni Kaynak | |
| Koha Öğesi Türü | Books |
| 999 ## - SİSTEM KONTROL NUMARALARI (KOHA) | |
| Koha Biblionumber | 1410 |
| Koha Biblioitemnumber | 1410 |
| 657 ## - INDEX SÜRE - İŞLEVİ | |
| -- | Türk Ticaret Kanunu |
| Kalıcı Konum | Mevcut Konum | Edinme Tarihi | Edinim Kaynak | Toplam Check-Out'Lar | Tam Çağrı Numarası | Barkod | Tarih Son Görülme | İtibaren Geçerli Fiyatlar | Koha Öğesi Türü |
|---|---|---|---|---|---|---|---|---|---|
| CHP Kütüphanesi | CHP Kütüphanesi | 10/23/2016 | Bağış | 346.0702632 E41t 1958 | 008071 | 10/23/2016 | 10/23/2016 | Books |
